Т. 1; Сочинения

Бібліографічні деталі
Parent link:Сочинения: В 2-х томах/ Г. С. Сковорода. Т. 1.— , 1973
Мова:Російська
Опубліковано: 1973
Предмети:
Формат: Книга
KOHA link:https://koha.lib.tpu.ru/cgi-bin/koha/opac-detail.pl?biblionumber=19589

MARC

LEADER 00000nam0a2200000 4500
001 19589
005 20231030191749.0
035 |a (RuTPU)RU\TPU\book\19756 
035 |a BOOK00000018 
090 |a 19589 
100 |a 20011209d1973 k y0rusy50 ca 
101 1 |a rus  |c ukr 
102 |a RU 
105 |a y z 001zy 
200 0 |a Т. 1 
210 |d 1973 
215 |a 479 с. 
320 |a Библиогр.: с. 465-500 
320 |a Указ. имен. и предм.: с. 501-507 
461 |t Сочинения  |o В 2-х томах  |v Т. 1  |o пер. с укр.  |f Г. С. Сковорода  |d 1973 
610 1 |a философия 
610 1 |a история 
610 1 |a украинская философия 
610 1 |a 18 век 
675 |a 1Ф(с)  |v 3 
686 |a Ю3(2)  |v LBC/SL-A  |2 rubbk 
801 0 |a RU  |b 63413507  |c 20011209  |g PSBO 
801 2 |a RU  |b 63413507  |c 20190905  |g PSBO 
942 |c BK